000 005500000a22001810004500
003 MACL
005 20180829160445.0
008 160227b xxu||||| |||| 00| 0 eng d
040 _aMACL
_cMACL
041 _aHindi
082 _a800
100 _aआचार्य रामचन्‍द्र शुक्‍ल
_940894
245 _aचिन्‍तामणि तीसरा भाग
260 _bराजकमल प्रकाशन
_c1983
_aपटना
350 _a50
650 _aLiteracture
_939932
942 _cHIN
_k800
_2ddc
999 _c27639
_d27639